00310nam a2200133Ia 4500003000900000008004100009040001300050040001300063100002100076245004500097260002000142300000800162490000600170IT-RoPAU120407s9999 xx 000 0 und d aIT-RoPAU cIT-RoPAU aRoberto Paribeni aAll'alba della storia d'Italia e di Roma aVita e Pensiero c cm v1